Countries that have invaded Poland. - Statistics

General Stats
  • This quiz has been taken 113 times
  • The average score is 11 of 13
Answer Stats
Answer % Correct
Germany
100%
Russia
99%
Austria
90%
Sweden
89%
France
84%
Czechia
83%
Ukraine
83%
Hungary
81%
Lithuania
79%
Italy
77%
Turkey
76%
Slovakia
74%
Moldova
38%
No matching quizzes found
Score Distribution
Percent of People with Each Score
Percentile by Number Answered
Your Score History
You have not taken this quiz